000 00655nam a22002177a 4500
003 UA-OsUOA
001 99878
007 ta
008 20130520b un ||||| |||| 00| 0 ukr d
090 _a821.511.111
_bФ60
942 _cBK
040 _aUA-OsUOA
_brus
_cUA-OsUOA
_dUA-OsUOA
245 _aФинские повести XIX-XX веков
_cРед. Томашевский Б.
300 _a389 с.
955 _a3
041 _arus
080 _a821.511.111
260 _aЛенинград
_bХудожественная литература
_c1970
650 7 _a82 Література. Літературознавство
_2UDC
999 _c386120
_d386120